Score 0/20 Timer 02:00
1 Play Today
Clue Answer % Correct
Jim ___, bourbonBEA[M]
82.9%
500 sheets of paperREAM
81.9%
Male pigB[O][A]R
79.5%
Give birthBEA[R]
74.4%
Only looks different to a frogTOAD
71.8%
InformedT[O][L]D
70.1%
Cars can be found hereR[O]AD
68.9%
Don't do this to a pinball machineT[I]LT
65.6%
StopHAL[T]
62.1%
Anagram of highlighted letters (Rungs 1, 2, 3, 4)ROAM
62%
Clue Answer % Correct
Sails hang from thisMA[S]T
60.1%
Sword handle[H]I[L]T
59.9%
Large roomH[A]LL
59.2%
Type of bell ringing[T]OLL
57.1%
Germinated & dried grainMA[L]T
52%
Anagram of highlighted letters (Rungs 6, 7, 8, 9)TOOL
49%
Whistle soundTOOT
48.5%
Anagram of highlighted letters (Rungs 11, 12, 13, 14)HILL
40.6%
Icelandic horse gaitTÖ[L]T
40.5%
Anagram of highlighted letters (Rungs 16, 17, 18, 19)LAST
35.2%

Today's Daily Dose

Remove Ads.
Support Sporcle.
Get the best of Sporcle when you Go Orange. This ad-free experience offers more features, more stats, and more fun while also helping to support Sporcle. Thank you for becoming a member.

You're not logged in!

Compare scores with friends on all Sporcle quizzes.
OR
Log In

Show Comments

Extras

Top Quizzes Today


Score Distribution

Your Account Isn't Verified!

In order to create a playlist on Sporcle, you need to verify the email address you used during registration. Go to your Sporcle Settings to finish the process.

Report this User

Report this user for behavior that violates our Community Guidelines.

Details: